000 00344nam a22001337a 4500
008 230619b xxu||||| |||| 00| 0 eng d
082 _a297.14
_bRHA
100 _cDr. Tanzil-Ur-Rahman
245 _aA code of Muslim Personal Law
260 _aPakistan
_bHamdard National Foundation
_c1978
300 _aXVI,775p
440 _vI
942 _2ddc
_cBK
999 _c1271
_d1271